Statistics for Pokémon Locations: Unova

Click here to take the quiz!

General Stats

  • This quiz has been taken 43 times
    (30 since last reset)
  • The average score is 66 of 87

Answer Stats

HintLocation% Correct
City/TownCastelia City
100%
City/TownNimbasa City
100%
City/TownNuvema Town
100%
POIPinwheel Forest
100%
RouteRoute 1
100%
RouteRoute 10
100%
RouteRoute 11
100%
RouteRoute 12
100%
RouteRoute 13
100%
RouteRoute 14
100%
RouteRoute 15
100%
RouteRoute 16
100%
RouteRoute 17
100%
RouteRoute 18
100%
RouteRoute 19
100%
RouteRoute 2
100%
RouteRoute 20
100%
RouteRoute 21
100%
RouteRoute 22
100%
RouteRoute 23
100%
RouteRoute 3
100%
RouteRoute 4
100%
RouteRoute 5
100%
RouteRoute 6
100%
RouteRoute 7
100%
RouteRoute 8
100%
RouteRoute 9
100%
City/TownAccumula Town
95%
City/TownDriftveil City
95%
City/TownNacrene City
95%
City/TownVirbank City
95%
City/TownAnville Town
90%
City/TownBlack City
90%
City/TownFloccesy Town
90%
City/TownIcirrus City
90%
City/TownMistralton City
90%
City/TownOpelucid City
90%
City/TownPokémon League
90%
City/TownWhite Forest
90%
City/TownAspertia City
85%
POIDreamyard
85%
City/TownHumilau City
85%
City/TownStriaton City
85%
City/TownUndella Town
85%
POICastelia Sewers
80%
Cave/MountainChargestone Cave
80%
POIDesert Resort
80%
City/TownLacunosa Town
80%
Cave/MountainMistralton Cave
80%
Cave/MountainTwist Mountain
80%
Cave/MountainVictory Road
80%
POIDragonspiral Tower
75%
City/TownLentimas Town
75%
POIRelic Castle
75%
POICold Storage
70%
Cave/MountainWellspring Cave
70%
Cave/MountainGiant Chasm
65%
POILostlorn Forest
65%
POIPokémon World Tournament
65%
POIPokéstar Studios
65%
Cave/MountainReversal Mountain
65%
POIUndella Bay
65%
POIAbundant Shrine
60%
POIFloccesy Ranch
60%
POIN's Castle
60%
POIP2 Laboratory
60%
POIPoké Transfer Lab
55%
POIVirbank Complex
55%
POIAbyssal Ruins
50%
POICelestial Tower
50%
Cave/MountainChallenger's Cave
50%
POIMoor of Icirrus
50%
POIPlasma Frigate
50%
POIJoin Avenue
45%
POIEntralink
40%
POILiberty Garden
40%
Cave/MountainRelic Passage
40%
POIStrange House
40%
Cave/MountainClay Tunnel
35%
POIRoyal Unova
35%
POIBattle Subway
30%
Cave/MountainSeaside Cave
30%
Cave/MountainCave of Being
25%
POIUnity Tower
25%
POIPledge Grove
20%
Cave/MountainUnderground Ruins
15%
POINature Reserve
5%

Score Distribution

Percentile by Number Answered

Percent of People with Each Score

Your Score History

You have not taken this quiz since the last reset